| 000 | 05777cam a2200565 i 4500 | ||
|---|---|---|---|
| 001 | 24132754 | ||
| 003 | DLC | ||
| 005 | 20260429144245.0 | ||
| 007 | t | ||
| 008 | 250331t20252025nyu b 001 0 eng d | ||
| 010 | _a 2025935114 | ||
| 020 | _a9798217060672 | ||
| 035 | _a(OCoLC)on1503501568 | ||
| 040 |
_aIG# _beng _erda _cIG# _dTP7 _dBDX _dFLW _dGO6 _dZQP _dOCLCO _dIMT _dZNS _dCOO _dCPP _dCLE _dIWA _dORE _dOCLCA _dTOH _dMWD _dYDX _dDLC _dDLC-MRC _dDLC |
||
| 041 | _aeng | ||
| 042 | _alccopycat | ||
| 043 |
_an-us--- _0http://id.loc.gov/vocabulary/geographicAreas/n-us |
||
| 050 | 0 | 0 |
_aE919 _bT175o 2025 |
| 082 | 0 | 4 |
_a324.973/0934 _223/eng/20250609 |
| 082 | 0 | 4 |
_a973.934 _223 |
| 100 | 1 |
_aTapper, Jake, _d1969- _eauthor _4aut _4http://id.loc.gov/vocabulary/relators/aut _0http://id.loc.gov/authorities/names/n99264429 _1http://id.loc.gov/rwo/agents/n99264429 _948210 |
|
| 245 | 1 | 0 |
_aOriginal sin : _bPresident Biden's decline, its cover-up, and his disastrous choice to run again / _cJake Tapper and Alex Thompson. |
| 246 | 3 | 0 | _aPresident Biden's decline, its cover-up, and his disastrous choice to run again |
| 264 | 1 |
_aNew York : _bPenguin Press, _c[2025] |
|
| 264 | 4 | _c©2025 | |
| 300 |
_axv, 332 pages ; _c24 cm |
||
| 336 |
_atext _btxt _2rdacontent _0http://id.loc.gov/vocabulary/contentTypes/txt |
||
| 337 |
_aunmediated _bn _2rdamedia _0http://id.loc.gov/vocabulary/mediaTypes/n |
||
| 338 |
_avolume _bnc _2rdacarrier _0http://id.loc.gov/vocabulary/carriers/nc |
||
| 504 | _aIncludes bibliographical references and index. | ||
| 505 | 0 | _aAuthor's note -- "He totally fucked us" -- "Get up!" -- The politburo -- The Bidenness -- "I, Joseph Robinette Biden Jr., do solemnly swear" -- "The most privileged nursing home in the country" -- "Who else is going to do this?" -- Dr. Biden -- "Are we sure this is a good idea?" -- Dean Phillips -- 2024 -- D-Day -- The verdict -- The debate -- The world reacts -- The bad times -- Joy -- Out the door -- Conclusions. | |
| 520 | _a"[A]n unflinching and explosive reckoning with one of the most fateful decisions in American political history: Joe Biden's run for reelection despite evidence of his serious decline -- amid desperate efforts to hide the extent of that deterioration. In Greek tragedy, the protagonist's effort to avoid his fate is what seals his fate. In 2024, American politics became a Greek tragedy. Joe Biden launched his successful 2020 bid for the White House with the stated goal of saving the nation from a second Trump presidential term. He, his family, and his senior aides were so convinced that only he could beat Trump again, they lied to themselves, allies, and the public about his condition and limitations. At his debate with Trump on June 27, 2024, the consequences of that deception were exposed to the world. It was shocking and upsetting. Now the full, unsettling truth is being told for the first time. Jake Tapper and Alex Thompson take us behind closed doors and into private conversations between the heaviest of hitters, revealing how big the problem was and how many people knew about it. From White House staffers at the highest to lowest levels, to leaders of Congress and the Cabinet, from governors to donors and Hollywood players, the truth is finally being told. What you will learn makes President Biden's decision to run for reelection seem shockingly narcissistic, self-delusional, and reckless--a desperate bet that went bust -- and part of a larger act of extended public deception that has few precedents. The story the authors tell raises fundamental issues of accountability and responsibility that will continue for decades. The irony is biting: In the name of defeating what they called an existential threat to democracy, Biden and his inner circle ensured it, tossing aside his implicit promise to serve for only one term, denying the existence of health issues the nation had been watching for years, dooming the Democrats to defeat. The decision to run again, the Original Sin of this president, led to a campaign of denial and gaslighting, leading directly to Donald Trump's return to power and all that has happened as a consequence. Rarely does hubris meet nemesis more explosively. Wherever you stand on the political spectrum, Original Sin is essential reading" -- Provided by publisher. | ||
| 650 | 0 | _aBiden, Joseph R., Jr | |
| 650 | 0 |
_aPresidents _zUnited States _xHealth _0http://id.loc.gov/authorities/subjects/sh85106477 |
|
| 650 | 0 |
_aPresidents _zUnited States _xElection _y2024 |
|
| 650 | 7 |
_aPresidents _zUnited States _vBiography _2sears |
|
| 650 | 7 |
_aPresidents _zUnited States _xElection _2sears |
|
| 651 | 0 |
_aUnited States _xPolitics and government _y2021- _0http://id.loc.gov/authorities/subjects/sh2021001248 |
|
| 651 | 6 |
_aÉtats-Unis _xPolitique et gouvernement _y2021- |
|
| 700 | 1 |
_aThompson, Alex, _d1995- _c(Political correspondent) _eauthor _4http://id.loc.gov/vocabulary/relators/aut _0http://id.loc.gov/authorities/names/no2025062793 _1http://id.loc.gov/rwo/agents/no2025062793 _948211 |
|
| 758 | _1http://id.loc.gov/resources/instances/24132754 | ||
| 758 |
_4http://id.loc.gov/ontologies/bibframe/instanceOf _1http://id.loc.gov/resources/works/24132754 |
||
| 884 |
_aDLC bibframe2marc v2.10-dev _g20250701 _qDLC _uhttps://github.com/lcnetdev/bibframe2marc/releases/tag/v2.10-dev |
||
| 906 |
_a0 _bibc _ccopycat _d2 _encip _f20 _gy-gencatlg |
||
| 942 |
_2lcc _n0 _cBK |
||
| 946 | _irmza | ||
| 999 |
_c126957 _d126957 |
||